Statistics for Is it in the Tropics?

Click here to take the quiz!

General Stats

  • This quiz has been taken 14,489 times
  • The average score is 12 of 15

Answer Stats

QuestionAnswer% Correct
Amazon RiverTropics
97%
BeijingNot
96%
TurkeyNot
94%
IndonesiaTropics
94%
NaplesNot
90%
Los AngelesNot
89%
ManilaTropics
85%
Cape TownNot
83%
IraqNot
83%
BogotáTropics
80%
NigeriaTropics
72%
Machu PicchuTropics
71%
SomaliaTropics
66%
Mount KilimanjaroTropics
64%
FloridaNot
49%

Score Distribution

Percentile by Number Answered

Percent of People with Each Score

Your Score History

You have not taken this quiz